000 00809nam a2200205Ii 4500
003 JO-AjNU
008 230605s9999||||xx |||||||||||||| ||und||
040 _aJO-AjNU
_bara
_erda
_cJO-AjNU
041 _aara
050 1 4 _aLC3965.A2278 1985
100 3 _aعبد الغفار،عبد السلام عبد القادر مؤلف/الشيخ،يوسف محمود م.مشارك ,
_eauthor
_920785
245 0 0 _aسيكولوجية الطفل غير العادي والتربية الخاصة
250 _aط1
264 3 1 _aالقاهرة:دار النهضة،1985
300 _a324ص
336 _atext
_btxt
_2rdacontent
337 _aunmediated
_bn
_2rdamedia
338 _avolume
_bnc
_2rdacarrier
650 4 _aالأطفال الشواذ-علم نفس. الأطفال المعوقون-علم نفس
_920786
999 _aA7109
_c10677
_d10677